| Tag |
First Indicator |
Second Indicator |
Subfields |
| LEADER |
00000cam a2200000 a 4500 |
| 001 |
in00004728421 |
| 008 |
180306s1976 ksua 000 0 eng d |
| 005 |
20230712160752.5 |
| 035 |
|
|
|a (OCoLC)on1027678973
|
| 040 |
|
|
|a CD5
|b eng
|c CD5
|d OCLCQ
|d FKS
|d OCLCF
|d OCLCO
|
| 035 |
|
|
|a (OCoLC)1027678973
|
| 050 |
|
4 |
|a F681
|b .B69 1976
|
| 100 |
1 |
|
|a Bowlby, Warrena.
|
| 245 |
1 |
0 |
|a Everyone has them /
|c by Warrena Bowlby, author of “What happened to Yesterday."
|
| 260 |
|
|
|a [Kansas?] :
|b [Warrena Bowlby],
|c 1976.
|
| 300 |
|
|
|a 56 pages :
|b illustrations ;
|c 23 cm
|
| 336 |
|
|
|a text
|b txt
|2 rdacontent
|
| 337 |
|
|
|a unmediated
|b n
|2 rdamedia
|
| 338 |
|
|
|a volume
|b nc
|2 rdacarrier
|
| 651 |
|
0 |
|a Kansas
|x History.
|
| 650 |
|
0 |
|a Pioneers
|z Kansas.
|
| 650 |
|
6 |
|a Pionniers
|z Kansas.
|
| 650 |
|
7 |
|a Pioneers.
|2 fast
|0 (OCoLC)fst01064447
|
| 651 |
|
7 |
|a Kansas.
|2 fast
|0 (OCoLC)fst01204323
|
| 655 |
|
7 |
|a History.
|2 fast
|0 (OCoLC)fst01411628
|
| 994 |
|
|
|a Z0
|b TXA
|
| 948 |
|
|
|h HELD BY TXA - 2 OTHER HOLDINGS
|
| 999 |
f |
f |
|s ad83a2d3-01dc-4d81-82f1-9badf6695d2a
|i 6645415e-a5d2-4514-a063-c707fcf69058
|t 0
|
| 952 |
f |
f |
|p noncirc
|a Texas A&M University
|b College Station
|c Cushing Memorial Library & Archives
|d Cushing: Dykes (Does not check out)
|t 0
|e F681 .B69 1976
|h Library of Congress classification
|i unmediated -- volume
|m A1485295910B
|
| 998 |
f |
f |
|a F681 .B69 1976
|t 0
|l Cushing: Dykes (Does not check out)
|